|
|
|
|
| LEADER |
00000nam0a2200000 4500 |
| 001 |
46946 |
| 005 |
20231101211047.0 |
| 010 |
|
|
|a 5946210351
|
| 035 |
|
|
|a (RuTPU)RU\TPU\book\49022
|
| 090 |
|
|
|a 46946
|
| 100 |
|
|
|a 20030129d2002 km y0rusy50 ca
|
| 101 |
0 |
|
|a rus
|
| 102 |
|
|
|a RU
|
| 105 |
|
|
|a a z 001zy
|
| 200 |
1 |
|
|a Электромагнитный терроризм на рубеже тысячелетий
|f под ред. Т. Р. Газизова
|
| 210 |
|
|
|a Томск
|c Изд-во ТГУ
|d 2002
|
| 215 |
|
|
|a 206 с.
|c ил.
|
| 320 |
|
|
|a Библиогр.: с. 197-204.
|
| 606 |
1 |
|
|a Линии связи
|x Защита
|2 stltpush
|3 (RuTPU)RU\TPU\subj\40210
|9 60071
|
| 610 |
1 |
|
|a электромагнитный терроризм
|
| 610 |
1 |
|
|a электромагнитные помехи
|
| 610 |
1 |
|
|a гражданские системы
|
| 610 |
1 |
|
|a персональные компьютеры
|
| 610 |
1 |
|
|a автомобили
|
| 610 |
1 |
|
|a коммерческие системы
|
| 610 |
1 |
|
|a военные системы
|
| 675 |
|
|
|a 621.391.82
|v 3
|
| 702 |
|
1 |
|a Газизов
|b Т. Р.
|4 340
|
| 801 |
|
1 |
|a RU
|b 63413507
|c 20030129
|g PSBO
|
| 801 |
|
2 |
|a RU
|b 63413507
|c 20201029
|g PSBO
|
| 942 |
|
|
|c BK
|